| 000 | 00000nam##2200000za#4500 |
| 001 | 9.618482 |
| 003 | CaOODSP |
| 005 | 20210615102839 |
| 007 | ta |
| 008 | 150406|2007||||xxc||||| f|0| 0 eng|d |
| 020 | |a978-0-662-46783-0 |
| 040 | |aCaOODSP|beng |
| 043 | |an-cn--- |
| 086 | 1 |aTU3-5/05-2E |
| 110 | 2 |aTransportation Safety Board of Canada. |
| 245 | 10|aLoss of rudder in flight - Air Transat Airbus A310-308 C-GPAT, Miami, Florida, 90 nm S, 06 March 2005 |
| 260 | |bTransportation Safety Board of Canada |cc2007. |
| 300 | |aviii, 74p. : |bfigs., glossary, tables, photographs ; |c28 cm. |
| 490 | 1 |aAviation investigation report |vA05F0047 |
| 563 | |aSoftcover |
| 590 | |a09-06|b2009-02-06 |
| 690 | 07|aAircraft accidents|2gcpds |
| 775 | 08|tPerte de la gouverne de direction en vol de l'Airbus A310-308 C-GPAT exploité par Air Transat à 90 nm au sud de Miami en Floride, le 6 mars 2005 |w(CaOODSP)9.627602 |
| 776 | 0#|tLoss of rudder in flight, Air Transat Airbus A310-308 C-GPAT, Miami, Florida, 90 nm S, 06 March 2005 |w(CaOODSP)9.563134 |
| 830 | #0|aAviation investigation report ;|vA05F0047|w(CaOODSP)9.515214 |